02135 a2200169 45000010006000000050017000060080041000230030015000640400040000790800035001192450067001540200022002212640034002433000019002775051642002961000027019384666920260407155737.0260407a1982 arg spa dAR-UNSa-BCEJYS aAR-UNSa-BCEJYSbspacAR-UNSa-BCEJYS a347.72xSociedades comerciales10aSociedades Comerciales según la jurisprudencia y la doctrina a978-950-14-1317-5 1aBuenos Aires :bDepalmac1982 a503 p.c24 cm. a1. Sociedades irregulares y de hecho – 2. Sociedades colectivas – 3. Sociedades en comandita simples – 4. Sociedades de capital e industria – 5.Sociedades de responsabilidad limitada – 6. Sociedades anónimas: acciones – 7. Sociedades anónimas: administración y representación – 8. Sociedades anónimas: asambleas de acciones – 9. Sociedades anónimas: Balance, capital, competencia, constitución, debentures, disolución y liquidación, domicilio, estatutos utilidades – 10. Sociedades anónimas: documentación contable, escisión, estatutos e I.G.P.J., fusión, intervención judicial. Ley 19.880, libros, mandatos judiciales, personalidad, reclamaciones judiciales, revalúo contable, sindicación de acciones, síndico, sociedades extranjeras, trasformación – 11. Sociedad anónima con participación estatal mayoritaria – 12. Sociedades en comanditas por acciones – 13. Sociedades de economía mixta y sociedades del Estado – 14. Sociedades cooperativas – 15. Sociedades accidentales o en participación – 16. Temas comerciales – 17. Las sociedades y los impuestos: Aspectos de la tributación sobre utilidades societarias – 18. Sociedad anónima con participación estatal mayoritaria: ¿Subtipo de sociedad anónima? – Últimos fallos publicados: 19. Sociedades en general, civiles, de hecho, irregulares, de capital e industria, de responsabilidad limitada, extranjeras – 20. Sociedades por acciones – 21. Comerciantes y sociedades de hecho – 22. Sociedades colectivas, en comanditas simples y de responsabilidad limitada – 23. Sociedades por acciones 1 aCornejo Costas, Emilio